| 000 | 00400nam a2200169Ia 4500 | ||
|---|---|---|---|
| 005 | 20250807104733.0 | ||
| 008 | 250807s9999 xx 000 0 und d | ||
| 020 | _a817169795X | ||
| 082 |
_a954 _bRAM.2 |
||
| 100 | _aChandra, Ramesh | ||
| 245 | 0 | _aEncyclopaedia of Indian Heritage | |
| 245 | 0 | _cChandra, Ramesh | |
| 260 | _c2004 | ||
| 300 | _a1452 pages | ||
| 650 | _aIndia | ||
| 942 | _cENGLISH | ||
| 999 |
_c579102 _d579102 |
||